| 000 | 00898nam a22002891 4500 | ||
|---|---|---|---|
| 001 | 33571 | ||
| 003 | BD-RjUL | ||
| 005 | 20211209052029.0 | ||
| 008 | 140510s1960 ilua b 001 0 eng d | ||
| 035 | _a(BD-RjUL)33662 | ||
| 035 | _a(OCoLC)190165 | ||
| 040 |
_aDLC _cOWibfC _dOCoLC _dDLC _dBD-RjUL _beng |
||
| 041 | _aeng | ||
| 082 | 0 | 0 |
_a301.15 _bGRO 1960 |
| 245 | 1 | 0 |
_aGroup dynamics: _bresearch and theory / _cEdited by Dorwin Cartwright [and] Alvin Zander. |
| 250 | _a2d ed. | ||
| 260 |
_aEvanston, Ill. : _bRow, Peterson , _c1960. |
||
| 300 |
_a826 p. : _bill. ; _c24 cm. |
||
| 504 | _aIncludes bibliography. and Index | ||
| 650 | 0 |
_aSmall groups. _9101876 |
|
| 650 | 0 |
_aSocial psychology. _9101877 |
|
| 650 | 0 |
_aLeadership. _9101878 |
|
| 700 | 1 |
_aCartwright, Dorwin, _d1913- _ejoint ed. _9101879 |
|
| 700 | 1 |
_aZander, Alvin Frederick, _9101880 |
|
| 942 |
_2ddc _cBK |
||
| 999 |
_c33571 _d33571 |
||